Tableegh-i-Deen/ (Record no. 35897)

MARC details
000 -LEADER
fixed length control field 00399nam a22001577a 4500
005 - DATE AND TIME OF LATEST TRANSACTION
control field 20240611135308.0
008 - FIXED-LENGTH DATA ELEMENTS--GENERAL INFORMATION
fixed length control field 240611b |||||||| |||| 00| 0 eng d
082 ## - DEWEY DECIMAL CLASSIFICATION NUMBER
Classification number 297.5
Item number GHA-T
100 ## - MAIN ENTRY--AUTHOR
Author Name Imaam Ghazali
245 ## - TITLE STATEMENT
Title Tableegh-i-Deen/
Statement of responsibility, etc. Imaam Ghazali
260 ## - PUBLICATION, DISTRIBUTION, ETC.
Place of Publication Lahore;
Name of publisher, distributor, etc. Zamin Publishers;
Date of publication, distribution, etc. 2001
300 ## - PHYSICAL DESCRIPTION
Pages 319 p.:
650 ## - SUBJECT ADDED ENTRY--TOPICAL TERM
Subject / Department Other Religion/Islam
300 ## - PHYSICAL DESCRIPTION
-- 18 cm.
952 ## - LOCATION AND ITEM INFORMATION (KOHA)
-- 0
-- 0
Holdings
Lost status Damaged status Collection code Permanent Location Current Location Shelving Location Date acquired Full Call Number Accession No./Barcode Date last seen item type Koha item type
    Humanities Superior Information Resource Center (SIRC) Superior University - City Campus Superior Information Resource Center (SIRC) Superior University - City Campus Islamic Studies 06/11/2024 297.5 GHA-T 2001 28225 06/11/2024 BOOK BOOK

Powered by Koha